| 000 | 00784nam a2200229 a 4500 | ||
|---|---|---|---|
| 999 |
_c370 _d370 |
||
| 001 | 370 | ||
| 003 | BD-JhCC | ||
| 005 | 20221013134022.0 | ||
| 008 | 171004s1875 bg |||| ||a| 000 0 ben d | ||
| 020 | _a9789848815571 | ||
| 035 | _a(BD-JhCC) 370 | ||
| 040 |
_aBD-JhCC _dBD-JhCC |
||
| 041 | _aeng | ||
| 082 |
_a891.443 _bBAN 1875 |
||
| 100 | _aচট্টোপাধ্যায়, বঙ্কিমচন্দ্র | ||
| 245 |
_aকমলাকান্ত / _cবঙ্কিমচন্দ্র চট্টোপাধ্যায় |
||
| 260 |
_aঢাকা : _bদি ইউনিভার্সিটি প্রেস লিমিটেড, _c1875. |
||
| 300 |
_a93 p. : _c21 cm. |
||
| 650 | _aBengali Novel | ||
| 942 |
_2ddc _cBK _08 |
||